[Event "AUTO-OPEN-3957"]
[Site "http://www.queenalice.com/game.php?id=1536328"]
[Date "2018.7.27"]
[Round "1"]
[White "yeye2"]
[Black "Eggchaser"]
[Result "0-1"]
[WhiteElo "2030"]
[BlackElo "1660"]

1. e4 c5 2. Bc4 e6 3. c3 a6 4. d4 d5 5. exd5 exd5 6. Bd3 Nf6 7. Bg5 Nbd7 8. Nf3
Be7 9. O-O O-O 10. Bf5 h6 11. Bxf6 Nxf6 12. Bxc8 Rxc8 13. Re1 Re8 14. Nbd2 cxd4
15. cxd4 Bd6 16. Ne5 Qc7 17. f4 Ne4 18. Nxe4 dxe4 19. Rxe4 f6 20. Qb3+ Kh7 21.
Qd3 fxe5 22. dxe5 Bc5+ 23. Kf1 Kh8 24. Rc1 Qb6 25. b3 Bg1 26. Qd2 Rxc1+ 27. Re1
Rxe1+ 28. Kxe1 Rd8 29. Qe2 Bxh2 30. f5 Bg3+ 31. Kf1 Qd4 32. Qc2 Qd1+ 33. Qxd1
Rxd1+ 34. Ke2 Re1+ 35. Kf3 Bxe5 36. g4 Ra1 37. Ke4 Bf6 38. a4 Rb1 39. Kf4 Rxb3
40. Ke4 Rb4+ 41. Kf3 Rxa4 42. Kg3 Rd4 43. Kf3 a5 0-1

[Event "AUTO-OPEN-3957"]
[Site "http://www.queenalice.com/game.php?id=1536353"]
[Date "2018.7.27"]
[Round "1"]
[White "Spessatto"]
[Black "yeye2"]
[Result "1-0"]
[WhiteElo "1990"]
[BlackElo "1982"]

1. d4 d5 2. h3 Nc6 3. Nf3 Nf6 4. Bf4 e6 5. e3 Bd6 6. Ne5 Bxe5 7. dxe5 Nd7 8. Bb5
a6 9. Ba4 O-O 10. Bxc6 bxc6 11. O-O c5 12. Nd2 c4 13. c3 Nc5 14. Qg4 Rb8 15. Bh6
g6 16. Bxf8 Kxf8 17. Qf4 Rxb2 18. Nf3 Nd3 19. Qh6+ Kg8 20. Ng5 Nxe5 21. Qxh7+
Kf8 22. Qh8+ Ke7 23. Qxe5 f6 24. Qf4 e5 25. Qh4 Bf5 26. Qh7+ Ke8 27. Qf7# 1-0

[Event "AUTO-OPEN-3957"]
[Site "http://www.queenalice.com/game.php?id=1536354"]
[Date "2018.7.27"]
[Round "1"]
[White "yeye2"]
[Black "Spessatto"]
[Result "1/2-1/2"]
[WhiteElo "1957"]
[BlackElo "1928"]

1. e4 e5 2. Nf3 Nc6 3. d4 exd4 4. Nxd4 Bc5 5. c3 h6 6. Bc4 Nf6 7. Nxc6 dxc6 8.
Qxd8+ Kxd8 9. Bxf7 Nxe4 10. Be3 Bxe3 11. fxe3 Bf5 12. O-O g6 13. Rf4 Ke7 14. Bc4
Rhf8 15. Bd3 Nd6 16. e4 Be6 17. g3 g5 18. Rxf8 Rxf8 19. Nd2 a6 20. c4 c5 21. Rf1
Rxf1+ 22. Kxf1 b5 23. b3 bxc4 24. bxc4 a5 25. e5 Nf5 26. Nb3 a4 27. Nxc5 Ne3+
28. Kf2 Nxc4 29. Nxe6 Nxe5 30. Nc5 Kd6 31. Ne4+ Kd5 32. Ke3 c5 33. Nc3+ Kd6 34.
Nxa4 Ng4+ 35. Ke4 Nxh2 36. Nb6 Ng4 37. Nc4+ Kc6 38. a4 Nf2+ 39. Ke3 Ng4+ 40. Kf3
Nf6 41. Ne5+ Kd5 42. Nc4 Kd4 43. Ke2 Nd5 44. Ne3 Nc3+ 45. Kd2 Nxa4 46. Nf5+ Ke5
47. Nxh6 Nb6 48. Ng4+ Kd4 49. Nf2 c4 50. Bc2 Nd5 51. g4 c3+ 52. Kc1 Ke3 53. Nh3
Nf6 54. Nxg5 Nxg4 55. Ne4 1/2-1/2

[Event "AUTO-OPEN-3957"]
[Site "http://www.queenalice.com/game.php?id=1536369"]
[Date "2018.7.27"]
[Round "1"]
[White "maurice91"]
[Black "yeye2"]
[Result "1-0"]
[WhiteElo "1915"]
[BlackElo "2001"]

1. d4 d5 2. c4 c6 3. e3 Nd7 4. Nf3 dxc4 5. Bxc4 Ndf6 6. Ng5 e6 7. O-O Nd5 8. e4
Nb6 9. Bb3 Nf6 10. f3 Be7 11. Nc3 O-O 12. Be3 Nfd7 13. Nh3 a5 14. Qd3 a4 15. Bc2
Bb4 16. e5 Bxc3 17. bxc3 Nd5 18. Qxh7# 1-0

[Event "AUTO-OPEN-3957"]
[Site "http://www.queenalice.com/game.php?id=1536370"]
[Date "2018.7.27"]
[Round "1"]
[White "yeye2"]
[Black "maurice91"]
[Result "1-0"]
[WhiteElo "1943"]
[BlackElo "2011"]

1. e4 c6 2. d4 g6 3. e5 d5 4. Nf3 Bf5 5. Bd3 h5 6. Bxf5 gxf5 7. b3 Bh6 8. c4 e6
9. Bxh6 Nxh6 10. O-O Rg8 11. Nc3 Nd7 12. g3 h4 13. Kg2 hxg3 14. fxg3 f4 15. Qd2
Ng4 16. Qxf4 f5 17. h3 Ngxe5 18. Nxe5 Nf6 19. Rae1 Qe7 20. cxd5 cxd5 21. h4 Nh5
22. Qf3 Qh7 23. Ne2 Nf6 24. Nc3 Qxh4 25. Rh1 Qg5 26. Nb5 O-O-O 27. Nf7 Qd2+ 28.
Re2 Rxg3+ 29. Kxg3 Rg8+ 30. Kf2 Ne4+ 31. Qxe4 Qxa2 32. Qxe6+ Kb8 33. Rxa2 1-0

[Event "AUTO-ADV-3979"]
[Site "http://www.queenalice.com/game.php?id=1536925"]
[Date "2018.7.31"]
[Round "3"]
[White "yeye2"]
[Black "Lan_bispo"]
[Result "0-1"]
[WhiteElo "1974"]
[BlackElo "1944"]

1. e4 c5 2. Bc4 d6 3. Qf3 Nf6 4. d3 g6 5. Bg5 Bg7 6. c3 O-O 7. Ne2 Nc6 8. O-O
Ne5 9. Qg3 Nxc4 10. Bxf6 Bxf6 11. dxc4 Qb6 12. b3 a5 13. Nd2 a4 14. a3 axb3 15.
Rfb1 b2 16. Ra2 Qc6 17. Rbxb2 Be6 18. Qd3 Ra7 19. Nf4 Rfa8 20. Nxe6 fxe6 21. Rb3
Ra5 22. f3 Ra4 23. e5 Bg7 24. exd6 exd6 25. Ne4 d5 26. Nd2 Rd8 27. cxd5 exd5 28.
Qc2 Ra6 29. Kf2 c4 30. Rb4 Re8 31. a4 Qc5+ 32. Kf1 Rae6 33. Ra1 Re2 34. Ne4
R8xe4 35. Qxe2 Rxe2 36. Kxe2 Bxc3 37. Rb5 Qe7+ 38. Kd1 Qe1+ 0-1

[Event "AUTO-ADV-3979"]
[Site "http://www.queenalice.com/game.php?id=1536926"]
[Date "2018.7.31"]
[Round "3"]
[White "Lan_bispo"]
[Black "yeye2"]
[Result "1-0"]
[WhiteElo "1906"]
[BlackElo "2000"]

1. e4 e5 2. Nf3 d6 3. Bc4 Bg4 4. c3 f5 5. h3 Bxf3 6. Qxf3 f4 7. d4 g5 8. Qh5+
Kd7 9. dxe5 dxe5 10. O-O Bd6 11. Qg4+ Ke8 12. g3 Nd7 13. Nd2 h6 14. Qh5+ 1-0

[Event "AUTO-ADV-3979"]
[Site "http://www.queenalice.com/game.php?id=1536927"]
[Date "2018.7.31"]
[Round "3"]
[White "yeye2"]
[Black "Santista38"]
[Result "1-0"]
[WhiteElo "1955"]
[BlackElo "2037"]

1. e4 e5 2. Nf3 d6 3. d4 exd4 4. Qxd4 Nc6 5. Bb5 Bd7 6. Bxc6 Bxc6 7. Bf4 Qf6 8.
Nbd2 Qxf4 9. O-O-O Nf6 10. g3 Qg4 11. h3 Qh5 12. g4 Qc5 13. g5 Qxd4 14. Nxd4 Nd7
15. Rhe1 Be7 16. f4 O-O-O 17. Nf5 Bf8 18. h4 g6 19. Ng3 h5 20. f5 Ne5 21. f6 Ng4
22. Nc4 Bb5 23. Ne3 Nf2 24. Rd2 Nh3 25. c4 Bc6 26. Rf1 Re8 27. Rh2 Bxe4 28. Rxh3
Bd3 29. Rf3 Be4 30. Nxe4 Rxe4 31. b3 c6 32. Kd2 Rd4+ 33. Kc3 Re4 34. Kd3 Re5 35.
b4 a6 36. Rf4 b6 37. a3 Kd7 38. Kd4 Re8 39. a4 d5 40. cxd5 1-0

[Event "AUTO-ADV-3979"]
[Site "http://www.queenalice.com/game.php?id=1536928"]
[Date "2018.7.31"]
[Round "3"]
[White "Santista38"]
[Black "yeye2"]
[Result "1-0"]
[WhiteElo "2089"]
[BlackElo "1962"]

1. d4 d5 2. Bf4 Nc6 3. Nc3 e6 4. Nb5 Bd6 5. Bxd6 cxd6 6. e3 e5 7. dxe5 dxe5 8.
Qf3 a6 9. Nc3 e4 10. Qg3 g6 11. O-O-O Be6 12. Nxe4 b5 13. Nc3 Ra7 14. Nf3 Nge7
15. Ne5 O-O 16. h4 Bf5 17. Nxc6 Nxc6 18. Rxd5 Bd7 19. Be2 b4 20. Na4 Re8 21.
Rhd1 Kg7 22. Nc5 Re7 23. Bg4 f5 24. Bxf5 Nb8 25. Bxd7 Nxd7 26. Rxd7 Raxd7 27.
Rxd7 Rxd7 28. Ne6+ Kf7 29. Nxd8+ Rxd8 30. Qc7+ Ke8 31. Qxh7 Rd6 32. Qb7 a5 33.
Qb5+ Ke7 34. Qxa5 Rf6 35. Qxb4+ Kf7 36. f3 1-0

[Event "AUTO-ADV-3987"]
[Site "http://www.queenalice.com/game.php?id=1537311"]
[Date "2018.8.2"]
[Round "2"]
[White "erminius"]
[Black "yeye2"]
[Result "1-0"]
[WhiteElo "2137"]
[BlackElo "1952"]

1. Nf3 d5 2. e3 Bg4 3. c4 e6 4. Qb3 Bxf3 5. gxf3 c6 6. Qxb7 Nd7 7. Qxc6 Ke7 8.
Nc3 dxc4 9. b3 Rc8 10. Qa4 cxb3 11. axb3 Rc7 12. Nb5 Rb7 13. Nxa7 Ngf6 14. Nc6+
Ke8 15. Nxd8 Kxd8 16. Qc6 Rb8 17. Bb2 Bb4 18. Bxf6+ gxf6 19. Ra7 Ne5 20. Qc7+
1-0

[Event "AUTO-ADV-3987"]
[Site "http://www.queenalice.com/game.php?id=1537312"]
[Date "2018.8.2"]
[Round "2"]
[White "yeye2"]
[Black "erminius"]
[Result "0-1"]
[WhiteElo "1963"]
[BlackElo "2153"]

1. e4 e6 2. d4 d5 3. e5 c5 4. Bb5+ Nc6 5. Be3 cxd4 6. Qxd4 Qa5+ 7. Nc3 Bd7 8.
Bxc6 bxc6 9. a3 c5 10. Qd2 Qb6 11. Nd1 d4 12. Bf4 Bc6 13. f3 c4 14. Ne2 Rd8 15.
Bg3 Bc5 16. b4 cxb3 17. cxb3 d3 18. Nf4 Qb5 19. b4 Bxb4 20. axb4 Qxe5+ 21. Kf2
Qxa1 22. Re1 Ne7 23. Re3 Qd4 24. Nxd3 Bb5 25. Ke2 Nf5 26. Be5 Qb6 27. Bxg7 Rg8
28. Bf6 Rxd3 29. Rxd3 Rxg2+ 30. Nf2 Qxf2+ 31. Kd1 Qf1+ 32. Qe1 Qxd3+ 0-1

[Event "AUTO-ADV-3987"]
[Site "http://www.queenalice.com/game.php?id=1537315"]
[Date "2018.8.2"]
[Round "2"]
[White "yeye2"]
[Black "thw"]
[Result "0-1"]
[WhiteElo "1956"]
[BlackElo "2072"]

1. e4 c5 2. Bc4 e6 3. c3 d5 4. exd5 exd5 5. Qe2+ Be7 6. Bb5+ Bd7 7. Nf3 Nf6 8.
Ne5 O-O 9. O-O a6 10. Nxd7 Nbxd7 11. Bxd7 Qxd7 12. d4 c4 13. Bg5 h6 14. Bxf6
Bxf6 15. b3 Rfe8 16. Qd1 b5 17. Nd2 Re7 18. Re1 Rae8 19. Rxe7 Qxe7 20. g3 Qe2
21. Qxe2 Rxe2 22. Rd1 Bg5 23. Nf3 Rxa2 24. Nxg5 hxg5 25. bxc4 bxc4 26. Rb1 Rc2
27. Ra1 Rxc3 28. Kf1 Rd3 29. Rxa6 Rxd4 30. Rc6 Kf8 31. Ke2 Rd3 32. Rc5 f6 33. h3
Kf7 34. Rc7+ Kg6 35. f3 f5 36. g4 f4 37. Rc6+ Kh7 38. Rc5 Re3+ 39. Kd2 Rxf3 40.
Rxd5 Rd3+ 41. Rxd3 cxd3 42. Kxd3 Kg6 43. Ke4 Kf6 44. Kf3 Ke5 45. Kf2 Ke4 46. Ke2
f3+ 47. Kf2 Kf4 48. Kf1 Kg3 49. Kg1 Kxh3 50. Kf2 Kxg4 51. Ke3 Kg3 52. Ke4 f2 53.
Ke3 f1=Q 54. Ke4 Qf4+ 0-1

[Event "AUTO-ADV-3987"]
[Site "http://www.queenalice.com/game.php?id=1537316"]
[Date "2018.8.2"]
[Round "2"]
[White "thw"]
[Black "yeye2"]
[Result "1-0"]
[WhiteElo "2027"]
[BlackElo "1966"]

1. e4 e5 2. Nf3 d6 3. Bc4 Qf6 4. h3 Qg6 5. d3 Qxg2 6. Rg1 Qxh3 7. Ng5 Qh2 8. Rf1
Nh6 9. Qf3 Qh4 10. Nxf7 Rg8 11. Nxh6 Rh8 12. Nf7 Rg8 13. Bg5 Bg4 14. Nxd6+ Bxd6
15. Qf7# 1-0

[Event "AUTO-ADV-4175"]
[Site "http://www.queenalice.com/game.php?id=1570188"]
[Date "2019.5.8"]
[Round "1"]
[White "yeye2"]
[Black "chessman"]
[Result "0-1"]
[WhiteElo "1909"]
[BlackElo "2019"]

1. e4 e6 2. d4 d5 3. e5 c5 4. c3 Nc6 5. Bb5 Bd7 6. Nf3 Nxe5 7. Bxd7+ Nxd7 8. O-O
cxd4 9. Qxd4 Ngf6 10. Bg5 Be7 11. Ne5 Nxe5 12. Qxe5 O-O 13. h3 a6 14. Nd2 h6 15.
Be3 Bd6 16. Qd4 e5 17. Qd3 Qc7 18. f3 Rad8 19. Rac1 Bc5 20. Bxc5 Qxc5+ 21. Kh1
Rfe8 22. Nb3 e4 23. Nxc5 exd3 24. Nxd3 Re2 25. Rf2 Rde8 26. Rxe2 Rxe2 27. Kg1
Kf8 28. Kf1 Rd2 0-1

[Event "AUTO-ADV-4175"]
[Site "http://www.queenalice.com/game.php?id=1570201"]
[Date "2019.5.8"]
[Round "1"]
[White "z3r0vulc4n"]
[Black "yeye2"]
[Result "0-1"]
[WhiteElo "1677"]
[BlackElo "1928"]

1. e4 e5 2. Nf3 d6 3. h3 f5 4. d3 f4 5. Nc3 Nc6 6. Be2 g5 7. O-O g4 8. hxg4 Bxg4
9. Be3 fxe3 10. fxe3 Bh6 11. Qd2 Bxf3 12. Bxf3 Qg5 13. Nd5 O-O-O 14. Rae1 Rf8
15. Re2 Nge7 16. Nxe7+ Nxe7 17. a3 Rf7 18. Rff2 Rhf8 19. c4 Rxf3 20. Rxf3 Rxf3
21. Rf2 Rxf2 22. Qxf2 Qxe3 23. Qxe3 Bxe3+ 0-1

[Event "AUTO-ADV-4175"]
[Site "http://www.queenalice.com/game.php?id=1570202"]
[Date "2019.5.8"]
[Round "1"]
[White "yeye2"]
[Black "z3r0vulc4n"]
[Result "0-1"]
[WhiteElo "1934"]
[BlackElo "1704"]

1. e4 e5 2. d3 Nc6 3. f4 Bc5 4. f5 Nf6 5. Bg5 h6 6. Bxf6 Qxf6 7. Nc3 Bb4 8. Ne2
Bxc3+ 9. Nxc3 O-O 10. Nd5 Qd6 11. Nc3 b6 12. a3 Ba6 13. Nd5 Bb5 14. c4 Ba6 15.
b4 Nd4 16. b5 Bb7 17. a4 a6 18. g3 axb5 19. axb5 Bxd5 20. exd5 Rxa1 21. Qxa1
Nc2+ 22. Kd2 Nxa1 23. Bh3 Nb3+ 24. Kc3 Nd4 25. Ra1 c6 26. g4 cxb5 27. cxb5 Qc5+
0-1